000 00729nam a22002051i 4500
001 182965
003 ES-MaACL
005 20230906221744.0
008 140107s1963 sp |||| | spa d
080 _a679.5(02)
100 1 _aPabst, Franz.
_9154076
245 1 0 _aManual de plásticos /
_ciniciado por el Dr. F. Pabst ; [versión por el Dr. Juan-Bautista Vericad] ; Saechtlin, Zebrowski.
260 _aBarcelona :
_bReverté :
_b[Casa Provincial de Caridad],
_c1963.
300 _a434 p., 7 tab. pleg. :
_bil. ;
_c22 cm.
650 4 _aPlásticos.
_9144551
700 1 _aVericad, Juan Bautista.
_9114130
700 1 _aZebrowski, Willi.
_9154077
700 1 _aSaechtling, Hansjürgen.
_9154078
852 _aES-MaACL
_jC-24988
999 _c182965
_d182965